000 00788nam a2200253Ia 4500
003 GCL
008 140319s9999 xx 000 0 ara d
040 _aGCL /
_cGCL
082 0 4 _a350.125
_bا ا
100 1 _aارسترونج، مايكل
245 1 0 _aادارة الرواتب /
_cارسترونج، مايكل
700 1 _aمورليس, هيلين
700 1 _aكمال جعفر المفتى
700 1 _aقاسم صالح ضرار
260 _a[S.N] :
_bمعهد الادارة العامة
300 _a381 ص
490 _a
650 0 4 _aالادارة
650 0 4 _aالادارة المالية
650 0 4 _aادارة الافراد
650 0 4 _aالمحاسبة الادارية
650 0 4 _aالميزانيات التقديرية
942 _2ddc
_cBK
999 _c32498
_d32498